000 00804npm a2200229 i 4500
001 5310
003 ES-MaACL
005 20230909111310.0
007 hzrazu bucu
008 900430r19901875sp b 00010 spa d
080 _a708(46)
100 1 _aAraujo Sánchez, Ceferino,
_d1824-1897
_922365
245 1 4 _aLos museos de España
_b: [Microforma] /
_cpor Ceferino Araujo Sánchez.
260 _aMadrid :
_bAteneo Científico, Literario y Artístico,
_c1990.
300 _a2 microfichas :
_bnegativo.
500 _aPublicado originalmente: Madrid, Imp. de Medina y Navarro, 1875.
505 8 _aMicroficha n. 1: p. 1 a 121 - Microficha n. 2: p. 122 a 201
650 1 4 _aObras de 1800.
_915662
852 _aES-MaACL
_jMCF-54
_95427
942 _2udc
_cMICROFORMA
999 _c5310
_d5310